Muslims and The News Media (Record no. 840)

MARC details
000 -LEADER
Fixed length control field 00475nam a2200169 4500
003 - CONTROL NUMBER IDENTIFIER
Control field SEACOMMC
005 - DATE AND TIME OF LATEST TRANSACTION
Control field 20250426123720.0
008 - FIXED-LENGTH DATA ELEMENTS--GENERAL INFORMATION
Fixed length control field 241206b |||||||| |||| 00| 0 eng d
020 ## - INTERNATIONAL STANDARD BOOK NUMBER / ISBN
International Standard Book Number 1-84511-171-0
Price $ 15.99
040 ## - CATALOGING SOURCE
Original cataloging agency SEACOMMC
082 ## - DEWEY DECIMAL CLASSIFICATION NUMBER
Classification number 302.23
Book Number P 822
100 ## - MAIN ENTRY--PERSONAL NAME
Personal name Poole, Elizabeth
245 1# - TITLE STATEMENT
Title Muslims and The News Media
Statement of responsibility Elizabeth Poole and John E. Richardson.
260 ## - IMPRINT
Place of publication New York
Name of publisher I. B. Tauris
Date of publication 2006
650 ## - SUBJECT ADDED ENTRY--TOPICAL TERM
Topical term Islam in mass media
942 ## - ADDED ENTRY ELEMENTS (KOHA)
Koha item type Books
Holdings
Withdrawn status Lost status Source of classification Damaged status Not for loan Home library Current library Shelving location Date acquired Total Checkouts Call number Accession number Date last seen Price effective from Koha item type
    Dewey Decimal Classification     SEACOM MANAGEMENT COLLEGE SEACOM MANAGEMENT COLLEGE Reference 30/11/2007   302.23 P 822 M-1122 06/12/2024 06/12/2024 Books
© Seacom Engineering College, All rights reserved.    Powered by Koha